000 01249nam a22003737a 4500
003 CHAP
005 20220329141237.0
008 971010s1960 r 00010 d
010 _a65030
011 _a66002
035 _a73781
040 _cCHAP
082 _a339.2
_bO4
100 0 0 _aOhlsson, Ingvar.
_982874
245 _aContabilidad nacional
260 _aMadrid :
_bAguilar,
_c1960
300 _a407 p
490 _aBiblioteca de Ciencias Sociales
590 _aBATCH-UPD
_b10
_c20130110
_lUCH01
_h1538
590 _aBATCH-UPD
_b10
_c20130410
_lUCH01
_h0941
590 _aBATCH-UPD
_b10
_c20130914
_lUCH01
_h1038
590 _aCONVERSION
_b10
_c20130109
_lUCH01
_h1335
650 1 4 _aConsumo.
_927420
650 1 4 _aCostos y nivel de vida.
_928518
650 1 4 _aFinanzas públicas
_xContabilidad.
_940959
650 1 4 _aIngresos.
_958362
830 0 _aBiblioteca de Ciencias Sociales
_912278
901 _aBK
942 _cLIBRO
949 _a339.2 O4
_bBC
_cLIBRO
_d33724000385712
_eLIBRO
_fc.2
_h6820
_i73781
_si
949 _a339.2 O4
_bBC
_cLIBRO
_d33724000385720
_eLIBRO
_h6819
_i73781
_si
949 _a339.2 O4
_bBC
_cLIBRO
_d33724000385738
_eLIBRO
_fc.4
_h6822
_i73781
_si
949 _a339.2 O4
_bBC
_cLIBRO
_d33724000385746
_eLIBRO
_fc.3
_h6821
_i73781
_si
999 _c65030
_d65030